Seyfü'l-mülûk ile cediü'l-cemâl hikâyesi : (Record no. 15631)

MARC details
000 -BAŞLIK
Sabit Uzunlukta Kontrol Alanı 00898nam a22002417a 4500
999 ## - SİSTEM KONTROL NUMARALARI (KOHA)
Koha Biblionumber 15631
Koha Biblioitemnumber 15631
003 - KONTROL NUMARASI IDENTIFIER
Denetim Alanı MIRAKIL
005 - SON İŞLEM TARİHİ VE ZAMANI
Denetim Alanı 20240313110838.0
008 - SABİT-BOY VERİ ELEMANLARI - GENEL BİLGİLER
Sabit Uzunlukta Kontrol Alanı 240313b tu ||||| |||| 00| 0 tur d
020 ## - ULUSLARARASI STANDART KİTAP NUMARASI
Uluslararası Standart Kitap Numarası 9789751632654
040 ## - KATALOGLAMA KAYNAK
Orijinal Kataloglama Ajansı TR-AnCHP
Metne Dönüştürmek Ajansı TR-AnCHP
041 ## - DİL KODU
Metin / Ses Parça Veya Ayrı Başlığın Dil Kodu tur
082 ## - DEWEY ONLU SINIFLANDIRMA NUMARASI
Sınıflandırma Numarası 398.204943281
Ürün Numarası S39 2017
245 10 - BAŞLIK TABLOSU
Başlık Seyfü'l-mülûk ile cediü'l-cemâl hikâyesi :
Başlığın Kalan (Kırım Karay rivayeti) /
Sorumluluk Tablosu, Vb hazırlayan: Tülay Çulha
246 ## - UNVAN FORM VARYING
Başlık Doğru / Kısa Başlığı Kırım Karay rivayeti
260 ## - YAYIN, DAĞITIM, VB
Yayın, Dağıtım, Vb Yeri Ankara:
Yayıncı, Dağıtıcı, Vs Adı Türk Dil Kurumu,
Yayın, Dağıtım, Vb Tarihi 2017
300 ## - FİZİKSEL TANIM
Kapsam 600, [60] s. ;
Boyutlar 24 cm.
490 0# - SERİSİ TABLOSU
Seri Beyanı Atatürk Kültür, Dil ve Tarih Yüksek Kurumu Türk Dil Kurumu yayınları ;
Hacim / Ardışık Tanımı 1205
500 ## - GENEL NOT
Genel Not İbranice tıpkı basım içerir<br/>
504 ## - KAYNAKÇA VB NOT
Kaynakça Vb Notu Kaynakça: 227-228. ss.<br/>
650 #0 - KONU KATMA GİRİŞ - TOPİKAL DÖNEM
9 (RLIN) 7740
Topikal Süreli Veya Coğrafi Ad Giriş Elemanı Masallar
Genel Alt Bölümü İnceleme
Coğrafi Alt Bölümü Kırım
856 ## - ELEKTRONİK YER VE ERİŞİM
Kamu Notu Dijital Nüshası için Partimizin Kütüphane Sorumlusu ile iletişime geçiniz.
942 ## - EKLENDİ GİRİŞ ELEMANLARI (KOHA)
Sınıflandırma Veya Raf Düzeni Kaynak Dewey Decimal Classification
Koha Öğesi Türü Books
Holdings
Kalıcı Konum Mevcut Konum Edinme Tarihi Toplam Check-Out'Lar Tam Çağrı Numarası Barkod Tarih Son Görülme İtibaren Geçerli Fiyatlar Koha Öğesi Türü
CHP Kütüphanesi CHP Kütüphanesi 03/13/2024   398.204943281 S39 2017 21544 03/13/2024 03/13/2024 Books